Statistics for Countries sharing last 3 letters #3

Click here to take the quiz!

General Stats

  • This quiz has been taken 614 times
    (601 since last reset)
  • The average score is 15 of 23

Answer Stats

HintAnswer% Correct
-rusBelarus
90%
-ngoDemocratic Republic of the Congo
85%
Republic of the Congo
84%
Turkmenistan
80%
-tanAfghanistan
79%
Pakistan
78%
Uzbekistan
78%
Kazakhstan
77%
Tajikistan
73%
Kyrgyzstan
70%
-biaColombia
66%
Latvia
65%
Namibia
65%
-viaBolivia
59%
Zambia
58%
Gambia
53%
Serbia
52%
Bhutan
48%
Dominican Republic
48%
Czech Republic
42%
-licCentral African Republic
38%
Saudi Arabia
36%
Cyprus
28%

Score Distribution

Percentile by Number Answered

Percent of People with Each Score

Your Score History

You have not taken this quiz since the last reset